Every Political Party ever represented in Weimar Reichstag - Statistics

General Stats
  • This quiz has been taken 9 times
  • The average score is 8 of 26
Answer Stats
Position Answer % Correct
Far-Left Communist Party of Germany
100%
Centre-Left Social Democratic Party of Germany
100%
Far-Right National Socialist German Worker's Party
88%
Centre-Right German Centre Party
75%
Centre-Right German Democratic Party
75%
Far-Right German Social Party
63%
Right German National People's Party
38%
Centre-Right German People's Party
38%
Left Independent Social Democratic Party
38%
Right Bavarian People's Party
25%
Right Christian-National Peasants' and Farmers' Party
25%
Right Conservative People's Party
25%
Centre-Right German State Party
25%
Right Reich Party of the German Middle Class (Economic Party)
25%
Right Agricultural League
13%
Right Bavarian Peasants' League
13%
Right Brunswick State Electoral Association
13%
Right Christian Social People's Service
13%
Centre-Right German-Hanoverian Party
13%
Far-Right National Socialist Freedom Movement
13%
Right Schleswig-Holstein Farmers and Farmworkers Democracy
13%
Right Thuringian Agricultural League
13%
Right Christian People's Party
0%
Right German Farmers' Party
0%
Right People's Justice Party
0%
Right Saxon Peasants
0%
No matching quizzes found
Score Distribution
Percent of People with Each Score
Percentile by Number Answered
Your Score History
You have not taken this quiz